[Event "FIDE Online Quarter final-2020"]
[Site "Online"]
[Date "2020.08.28"]
[Round "4.1"]
[White "Korobov, Anton"]
[Black "Shankland, Sam"]
[Result "1/2-1/2"]
[WhiteElo "2779"]
[BlackElo "2742"]
[Annotator "TA"]
[PlyCount "114"]
[EventDate "2020.08.28"]
[EventType "k.o."]
[SourceTitle "playchess.com"]
[Source "ChessBase"]
[SourceQuality "1"]

{[%evp 21,114,11,21,19,6,14,21,9,20,0,14,6,18,5,8,0,8,0,5,-93,-101,-108,-96,-72,-46,-45,-58,-104,-37,-42,-29,-315,-320,-321,-278,-323,-308,-302,-305,-213,-60,-85,-52,-52,-52,-55,-52,-59,-60,-52,-58,-91,-77,-68,-27,-23,-22,-56,-56,-63,-63,-63,-56,-55,-15,-15,-8,-8,-8,-8,0,0,0,0,8,8,8,8,8,8,8,8,8,8,8,8,8,8,8,8,8,0,0,0,0]} 1. d4 Nf6 2. Nf3 d5 3. e3 c6 4. c4 e6 5. Nc3 Nbd7 6. Qc2 Bd6 7. Bd3 dxc4 8. Bxc4 O-O 9. O-O b5 10. Be2 Bb7 {10...a6 is the hot move. Played by Magnus Carlsen in July 2020.} 11. e4 e5 12. dxe5 {D46: Semi-Slav: 5 e3 Nbd7 6 Bd3, Black avoids the Meran.} Nxe5 13. Nh4 g6 14. f4 Neg4 15. g3 Bc5+ 16. Kh1 b4 17. Nd1 Bd4 $132 {[%mdl 2048] Black has counterplay} 18. Bf3 {[#]} c5 $146 ({Predecessor:} 18... Re8 19. e5 Qb6 20. h3 Ba6 21. Be2 Nxe5 22. fxe5 Rxe5 23. Bxa6 Qxa6 24. Ne3 c5 {½-½ (63) Simal Moreira,L (2379)-Magallanes,F (2469) ICCF email 2017}) 19. e5 Nd5 20. Qg2 (20. h3 $11 Nge3 21. Nxe3 Bxe3 22. Be4) 20... Qd7 $17 21. h3 h5 $1 22. hxg4 hxg4 23. Be4 {Black must now prevent Qc2.} f5 24. exf6 $1 Rae8 (24... Rxf6 $17 {Threatens to win with ...Re8.} 25. Kh2 (25. Nxg6 Rxg6 26. Nf2 Re8 $19) 25... Re8) 25. Kh2 $1 $15 Rxf6 {Strongly threatening ...Rfe6.} 26. Nf2 $2 {[%mdl 8192] [#]} (26. Bxg6 $2 Rxg6 $1 {[%mdl 512]} 27. f5 Ne3 $19) (26. f5 $1 $11 {and White is okay.}) 26... g5 $1 $19 {[%cal Rg5h4]} 27. fxg5 Rxf2 $1 28. Rxf2 Bxf2 29. Qxf2 Rxe4 30. Bd2 {[#]} Qe6 $2 (30... Nf4 $1 $19 31. Be3 (31. Bxf4 $2 Qe8 $19) (31. gxf4 $2 Qd3 $19) 31... Qe8) 31. Re1 $15 ({Avoid the trap} 31. Rf1 $2 Re2 $19) 31... Rxe1 (31... a5 {is more complex.} 32. Nf5 Rxe1 33. Bxe1 Ne7 34. Nxe7+ Qxe7 35. Qf4 Bf3) 32. Qxe1 Qxe1 33. Bxe1 $17 {[%mdl 4096] Endgame KBN-KBN} c4 34. Nf5 c3 35. bxc3 bxc3 36. Nh6+ Kh7 37. Nxg4 Kg6 38. Nf2 $1 Ba6 {...c2 is the strong threat.} 39. Nh3 c2 {[%mdl 1024] Black has compensation.} 40. Bd2 {[#]} Nb4 $1 {[%mdl 512]} 41. Nf4+ (41. Bxb4 c1=Q) 41... Kf5 42. g4+ Ke4 43. a3 $1 {[%cal Ra3b4] The position is equal.} Na2 44. g6 Bc4 45. g7 c1=Q 46. Bxc1 Nxc1 47. Ng6 Nd3 48. Kg3 Ne5 49. Ne7 {Black should prevent g5.} a5 50. g8=Q (50. g5 {keeps more tension.} Bf7 51. Kh4 Kf4 52. g6 Nxg6+ 53. Nxg6+ Kf5 54. Ne7+) 50... Bxg8 51. Nxg8 $11 {KN-KN} Nc4 52. a4 Nb6 53. Ne7 Nxa4 54. Nc6 Nc5 55. Nxa5 Nd7 56. g5 Kf5 57. g6 Kxg6 {Whites escaped into a draw. Accuracy: White = 83%, Black = 84%.} 1/2-1/2

[Event "FIDE Online Quarter final-2020"]
[Site "Online"]
[Date "2020.08.28"]
[Round "4.1"]
[White "So, Wesley"]
[Black "Ivanchuk, Vasyl"]
[Result "1-0"]
[WhiteElo "2723"]
[BlackElo "2362"]
[Annotator "TA"]
[PlyCount "53"]
[EventDate "2020.08.28"]
[EventType "k.o."]
[SourceTitle "playchess.com"]
[Source "ChessBase"]
[SourceQuality "1"]

{[%evp 9,53,16,34,16,8,6,21,15,14,7,15,8,46,18,40,31,35,37,92,62,70,65,134,109,113,112,140,138,126,92,149,152,193,120,128,109,152,143,151,74,80,84,60,58,69,71]} 1. e4 e6 2. d4 d5 3. Nd2 c5 4. Ngf3 Nf6 5. exd5 Nxd5 6. Nb3 {C07: French Tarrasch: 3...c5, 4 Ngf3 and 4 exd5 Qxd5.} cxd4 7. Nbxd4 Bb4+ 8. Bd2 {The position is equal.} O-O 9. c3 Bd6 10. Bc4 {[#]} Nb6 $146 ({Predecessor:} 10... a6 11. O-O Nf6 12. Qe2 Re8 13. Rfe1 h6 14. Ne5 Bxe5 15. Qxe5 Nc6 16. Nxc6 Qxd2 17. Re2 Qd7 18. Nb4 b5 19. Bb3 Bb7 20. a4 Bd5 21. Bc2 Qb7 22. axb5 {½-½ (22) Tiviakov,S (2611)-Sumets,A (2567) Trieste 2019}) 11. Bd3 N8d7 12. Qe2 e5 13. Bg5 Be7 (13... Nf6 $14 14. Nb5 (14. Nxe5 $2 Bxe5 15. Nf3 Bd6 $19) 14... Bb8) 14. Bxe7 $16 Qxe7 15. O-O-O $40 {[%mdl 128] White is up to no good.} Nd5 (15... Qc5 $14) 16. Nf5 Qc5 17. Bc2 N7f6 18. Qxe5 {[#] Black must now prevent Rxd5!} Re8 19. Qd4 Qa5 (19... Qc7 $142) 20. Nd6 Rd8 {[#]} 21. Ne4 (21. Ne5 $1 $18) 21... Bg4 22. Bb3 Rac8 {Hoping for ...Bxf3.} 23. Qe5 {aiming for Nxf6+.} Nxe4 24. Rxd5 (24. Bxd5 $142 Nc5 25. Rhe1) 24... Nc5 25. Rhd1 {Threatens to win with Rxd8+.} Re8 26. Qd4 $1 {[%cal Rd4g4]} Be6 27. Rg5 {Accuracy: White = 77%, Black = 63%.} 1-0

[Event "FIDE Online Quarter final-2020"]
[Site "Online"]
[Date "2020.08.28"]
[Round "4.1"]
[White "Wojtaszek, Radoslaw"]
[Black "Mamedov, Rauf"]
[Result "1-0"]
[WhiteElo "2633"]
[BlackElo "2836"]
[Annotator "TA"]
[PlyCount "115"]
[EventDate "2020.08.28"]
[EventType "k.o."]
[SourceTitle "playchess.com"]
[Source "ChessBase"]
[SourceQuality "1"]

{[%evp 17,115,36,47,28,35,30,49,14,30,14,14,10,14,0,39,46,50,39,68,-8,0,0,0,0,0,0,0,-9,0,0,0,0,0,0,0,0,47,47,46,0,0,-364,-358,-854,0,-325,0,-234,32,34,21,0,0,-70,0,0,40,40,40,40,40,40,40,42,161,154,216,208,201,206,220,236,420,193,225,165,165,165,590,527,593,558,1539,597,1135,1135,1115,1116,1066,1070,938,928,1039,941,29968,29969,29970,29968,29974,29973]} 1. d4 Nf6 2. c4 g6 3. Nc3 Bg7 4. e4 d6 5. Nf3 O-O 6. Be2 Na6 7. O-O e5 8. Be3 Qe8 {8...Qe7 is a critical line. Played by Liren Ding in August 2020.} 9. dxe5 dxe5 10. Rb1 $5 {[%mdl 4] Exploring less charted territory. E94: King's Indian: Classical: 6 Be2 e5 7 0-0: Various Black 7th moves.} c6 11. b4 Qe7 {[#]} 12. c5 $146 {White is slightly better.} ({Predecessor:} 12. Qa4 Re8 13. h3 Nh5 14. Rfd1 Nf4 15. Bf1 g5 16. Ne1 h5 17. Nd3 Nxd3 18. Bxd3 {½-½ (41) Breukelman,J (2110)-Broekmeulen,J (2289) Venlo 2007}) 12... Rd8 13. Qa4 Nc7 14. h3 a6 15. Rfd1 Bd7 16. Qc2 Nb5 17. Bxb5 axb5 18. Nd2 (18. a4 $1 $14) 18... Nh5 19. a4 bxa4 20. Nxa4 Be6 21. Nf3 Nf4 22. Rxd8+ Qxd8 23. Bxf4 exf4 24. Rd1 Qe7 25. Nb6 $1 {[%cal Rb6a8]} Ra3 {...Rxf3! is the strong threat.} 26. Qd2 Bc3 27. Qxf4 Bxb4 28. Qb8+ Kg7 29. Rd8 $2 {[%mdl 8192] [#]} (29. Nd4 $1 $11 Bxh3 30. gxh3) 29... Rxf3 $1 $19 {[%mdl 512]} 30. Rh8 $2 (30. gxf3 Bxc5 31. Nd7 Bxd7 32. Rxd7 $1 {[%mdl 512]} Qxd7 33. Qe5+ Kg8 34. Qxc5) 30... Qxc5 $2 (30... Rd3 $19 31. e5 f5) 31. gxf3 $4 {[%mdl 8192]} (31. Qg8+ $11 Kf6 32. Qd8+ Qe7 33. Qd4+ Kg5 34. Rxh7 (34. gxf3 Kh6 $11)) 31... Qg5+ $2 (31... Qxb6 $19 32. e5 Kh6) 32. Kh2 $2 (32. Kh1 $1 $11 {and White stays safe.}) 32... Qh5 $2 (32... f6 $1 $19 33. Rd8 Qc5 $1 {[%mdl 512]} 34. Qc7+ Bf7) 33. Rg8+ $14 Kh6 34. Qf4+ Qg5 35. Qxg5+ Kxg5 $11 {[%mdl 4096] Endgame KRN-KB} 36. Kg2 $1 Kh4 37. Rb8 Bxh3+ 38. Kg1 Be6 39. Rxb7 Bc5 40. Nd7 Bd4 ({Black should try} 40... Bd6 $1 $14) 41. Nf8 $18 Ba2 (41... h5 $16) 42. Nxh7 c5 {intending ...c4.} 43. Kg2 g5 44. Nf8 g4 $2 (44... Kh5 45. Nd7 c4) 45. Nd7 (45. f4 $142) 45... Bc4 46. Rc7 Be2 47. fxg4 ({Don't take} 47. Nxc5 $6 Bxf3+ 48. Kf1 Bxc5 $14) 47... c4 $2 (47... Kxg4 {is tougher.} 48. Nxc5 Bf3+ 49. Kf1 Bxc5 50. Rxc5 Bxe4) 48. f3 c3 49. Nc5 Bd1 {[#]} 50. Nd3 (50. Rd7 $142 $1 {Rd5! would kill now.} Bf6 51. Rxd1) 50... Bb3 51. Nc1 Be6 52. Ne2 {[%mdl 64] Double Attack} Be5 53. Rc5 f6 54. Nxc3 Kg5 55. Ne2 Kg6 56. f4 {White mates.} Bd6 57. Rc6 Bxg4 58. Rxd6 {White used his chance. Accuracy: White = 70%, Black = 49%.} 1-0

[Event "FIDE Online Quarter final-2020"]
[Site "Online"]
[Date "2020.08.28"]
[Round "4.1"]
[White "Mammadzada, Gunay"]
[Black "Socko, Monika"]
[Result "1/2-1/2"]
[WhiteElo "2424"]
[BlackElo "2381"]
[Annotator "ChessBase"]
[PlyCount "80"]
[EventDate "2020.08.28"]
[EventType "k.o."]
[SourceTitle "playchess.com"]
[Source "ChessBase"]
[SourceQuality "1"]
[TimeControl "900+5"]

1. e4 {[%emt 0:00:03]} c6 {[%emt 0:00:02]} 2. d4 {[%emt 0:00:06]} d5 {[%emt 0:00:01]} 3. Nc3 {[%emt 0:00:02]} dxe4 {[%emt 0:00:02]} 4. Nxe4 {[%emt 0:00:02]} Bf5 {[%emt 0:00:00]} 5. Ng3 {[%emt 0:00:01]} Bg6 {[%emt 0:00:01]} 6. h4 {[%emt 0:00:02]} h6 {[%emt 0:00:02]} 7. Nf3 {[%emt 0:00:06]} Nd7 {[%emt 0:00:03]} 8. Bd3 {[%emt 0:00:05]} Bxd3 {[%emt 0:00:07]} 9. Qxd3 {[%emt 0:00:00]} Ngf6 {[%emt 0:00:08]} 10. Bf4 {[%emt 0:01:03]} e6 {[%emt 0:00:19]} 11. O-O-O {[%emt 0:00:11]} a5 {[%emt 0:00:05]} 12. Qe2 {[%emt 0:01:33]} a4 {[%emt 0:00:15]} 13. a3 {[%emt 0:01:07]} Be7 {[%emt 0:00:16]} 14. Ne5 {[%emt 0:00:33]} O-O {[%emt 0:00:26]} 15. Rh3 {[%emt 0:01:05]} Qa5 {[%emt 0:01:47]} 16. c4 {[%emt 0:01:28]} Rad8 {[%emt 0:00:27]} 17. Ne4 {[%emt 0:03:36]} Nxe4 {[%emt 0:02:47]} 18. Qxe4 {[%emt 0:00:00]} Bd6 {[%emt 0:00:26]} 19. Rhd3 {[%emt 0:01:13]} Bxe5 {[%emt 0:00:43]} 20. Bxe5 {[%emt 0:00:00]} Nxe5 {[%emt 0:00:19]} 21. Qxe5 {[%emt 0:00:04]} Qa6 {[%emt 0:01:14]} 22. Rg3 {[%emt 0:02:12]} Qxc4+ {[%emt 0:01:24]} 23. Kb1 {[%emt 0:00:02]} g6 {[%emt 0:00:26]} 24. h5 {[%emt 0:00:06]} Qd5 {[%emt 0:00:58]} 25. Qxd5 {[%emt 0:00:37]} Rxd5 {[%emt 0:01:02]} 26. hxg6 {[%emt 0:00:00]} Rfd8 {[%emt 0:00:07]} 27. Rh1 {[%emt 0:00:18]} h5 {[%emt 0:00:12]} 28. gxf7+ {[%emt 0:01:09]} Kxf7 {[%emt 0:00:04]} 29. Rh4 {[%emt 0:00:00]} Rf5 {[%emt 0:00:16]} 30. f3 {[%emt 0:00:18]} b5 {[%emt 0:00:31]} 31. Rgh3 {[%emt 0:00:10]} Kg6 {[%emt 0:00:25]} 32. Re4 {[%emt 0:00:03]} Rd6 {[%emt 0:00:15]} 33. Rg3+ {[%emt 0:00:04]} Rg5 {[%emt 0:00:04]} 34. Rxg5+ {[%emt 0:00:05]} Kxg5 {[%emt 0:00:01]} 35. Kc2 {[%emt 0:00:00]} Kf6 {[%emt 0:00:15]} 36. Kc3 {[%emt 0:00:01]} Rd5 {[%emt 0:00:04]} 37. Re2 {[%emt 0:00:22]} Kf5 {[%emt 0:00:12]} 38. Re4 {[%emt 0:00:06]} Kf6 {[%emt 0:00:07]} 39. Re1 {[%emt 0:00:07]} Kf5 {[%emt 0:00:06]} 40. Re4 {[%emt 0:00:02]} Kf6 {[%emt 0:00:01]} 1/2-1/2

[Event "FIDE Online Quarter final-2020"]
[Site "Online"]
[Date "2020.08.28"]
[Round "4.1"]
[White "Zhukova, Natalia"]
[Black "Zatonskih, Anna"]
[Result "1/2-1/2"]
[WhiteElo "2346"]
[BlackElo "2407"]
[Annotator "ChessBase"]
[PlyCount "54"]
[EventDate "2020.08.28"]
[EventType "k.o."]
[SourceTitle "playchess.com"]
[Source "ChessBase"]
[SourceQuality "1"]
[TimeControl "900+5"]

1. d4 {[%emt 0:00:01]} d5 {[%emt 0:00:04]} 2. Nf3 {[%emt 0:00:07]} Nf6 {[%emt 0:00:23]} 3. c4 {[%emt 0:00:02]} e6 {[%emt 0:00:01]} 4. Nc3 {[%emt 0:00:01]} Be7 {[%emt 0:00:03]} 5. Bg5 {[%emt 0:00:03]} h6 {[%emt 0:00:01]} 6. Bh4 {[%emt 0:00:02]} O-O {[%emt 0:00:10]} 7. e3 {[%emt 0:00:02]} Ne4 {[%emt 0:00:04]} 8. Bxe7 {[%emt 0:00:02]} Qxe7 {[%emt 0:00:01]} 9. cxd5 {[%emt 0:00:02]} Nxc3 {[%emt 0:00:16]} 10. bxc3 {[%emt 0:00:00]} exd5 {[%emt 0:00:02]} 11. Bd3 {[%emt 0:00:01]} Rd8 {[%emt 0:03:15]} 12. O-O {[%emt 0:00:06]} Nc6 {[%emt 0:01:51]} 13. Re1 {[%emt 0:00:38]} Bg4 {[%emt 0:01:40]} 14. e4 {[%emt 0:03:50]} dxe4 {[%emt 0:02:38]} 15. Bxe4 {[%emt 0:00:13]} Qd6 {[%emt 0:00:43]} 16. Rb1 {[%emt 0:00:15]} Rab8 {[%emt 0:00:03]} 17. Qc2 {[%emt 0:04:02]} Bxf3 {[%emt 0:01:00]} 18. Bxf3 {[%emt 0:00:03]} b6 {[%emt 0:00:03]} 19. Qf5 {[%emt 0:02:22]} Ne7 {[%emt 0:00:47]} 20. Qb5 {[%emt 0:00:59]} c6 {[%emt 0:00:30]} 21. Qa6 {[%emt 0:00:27]} Qc7 {[%emt 0:00:02]} 22. Qc4 {[%emt 0:00:34]} Nd5 {[%emt 0:00:30]} 23. Re5 {[%emt 0:00:12]} Qd7 {[%emt 0:00:23]} 24. Rbe1 {[%emt 0:00:10]} Re8 {[%emt 0:00:18]} 25. g3 {[%emt 0:00:29]} Rxe5 {[%emt 0:00:02]} 26. Rxe5 {[%emt 0:00:08]} Rd8 {[%emt 0:00:03]} 27. Kg2 {[%emt 0:00:27]} Qd6 {[%emt 0:00:02]} 1/2-1/2

[Event "FIDE Online Quarter final-2020"]
[Site "Online"]
[Date "2020.08.28"]
[Round "4.1"]
[White "Asadli, Vugar"]
[Black "Gumularz, Szymon"]
[Result "1/2-1/2"]
[WhiteElo "2336"]
[BlackElo "2540"]
[Annotator "ChessBase"]
[PlyCount "84"]
[EventDate "2020.08.28"]
[EventType "k.o."]
[SourceTitle "playchess.com"]
[Source "ChessBase"]
[SourceQuality "1"]
[TimeControl "900+5"]

1. e4 {[%emt 0:00:03]} e5 {[%emt 0:00:06]} 2. Nf3 {[%emt 0:00:02]} Nc6 {[%emt 0:00:01]} 3. Nc3 {[%emt 0:00:03]} Nf6 {[%emt 0:00:03]} 4. a3 {[%emt 0:00:02]} d6 {[%emt 0:00:57]} 5. Bc4 {[%emt 0:01:36]} Be7 {[%emt 0:00:02]} 6. d3 {[%emt 0:00:04]} O-O {[%emt 0:00:06]} 7. h3 {[%emt 0:00:09]} a6 {[%emt 0:00:13]} 8. O-O {[%emt 0:00:19]} b5 {[%emt 0:00:14]} 9. Ba2 {[%emt 0:00:06]} Bb7 {[%emt 0:00:20]} 10. Nd5 {[%emt 0:01:09]} Nxd5 {[%emt 0:00:28]} 11. Bxd5 {[%emt 0:00:02]} Bf6 {[%emt 0:00:30]} 12. c3 {[%emt 0:00:27]} Qc8 {[%emt 0:00:07]} 13. Nh2 {[%emt 0:01:25]} Nd8 {[%emt 0:01:33]} 14. Ng4 {[%emt 0:00:12]} Be7 {[%emt 0:00:01]} 15. f4 {[%emt 0:00:46]} Bxd5 {[%emt 0:00:13]} 16. exd5 {[%emt 0:00:01]} f5 {[%emt 0:00:02]} 17. Ne3 {[%emt 0:00:46]} Nf7 {[%emt 0:00:17]} 18. fxe5 {[%emt 0:00:33]} Nxe5 {[%emt 0:00:02]} 19. Nc2 {[%emt 0:00:01]} Qb7 {[%emt 0:00:29]} 20. d4 {[%emt 0:00:22]} Nc4 {[%emt 0:00:26]} 21. Nb4 {[%emt 0:00:13]} Rae8 {[%emt 0:00:12]} 22. b3 {[%emt 0:00:47]} Nb6 {[%emt 0:00:03]} 23. Qf3 {[%emt 0:00:01]} a5 {[%emt 0:00:24]} 24. Nc6 {[%emt 0:00:02]} a4 {[%emt 0:00:02]} 25. bxa4 {[%emt 0:00:30]} bxa4 {[%emt 0:00:02]} 26. Re1 {[%emt 0:00:26]} Bf6 {[%emt 0:00:06]} 27. Rxe8 {[%emt 0:00:35]} Rxe8 {[%emt 0:00:00]} 28. Qxf5 {[%emt 0:00:02]} Qa6 {[%emt 0:00:44]} 29. Bg5 {[%emt 0:00:15]} Bxg5 {[%emt 0:00:01]} 30. Qxg5 {[%emt 0:00:03]} Qe2 {[%emt 0:00:00]} 31. Qf5 {[%emt 0:00:28]} Qe3+ {[%emt 0:00:36]} 32. Kh1 {[%emt 0:00:09]} Qe4 {[%emt 0:00:18]} 33. Qf1 {[%emt 0:00:32]} Qxd5 {[%emt 0:00:12]} 34. Nb4 {[%emt 0:00:05]} Qf7 {[%emt 0:00:23]} 35. Qb5 {[%emt 0:00:11]} Rf8 {[%emt 0:00:12]} 36. d5 {[%emt 0:00:45]} Qf2 {[%emt 0:00:10]} 37. Qc6 {[%emt 0:00:16]} Qc5 {[%emt 0:00:40]} 38. Re1 {[%emt 0:00:08]} Qf2 {[%emt 0:03:17]} 39. Rg1 {[%emt 0:00:05]} Qc5 {[%emt 0:00:07]} 40. Re1 {[%emt 0:00:21]} Qf2 {[%emt 0:00:02]} 41. Re4 {[%emt 0:00:49]} Qf5 {[%emt 0:00:37]} 42. Re1 {[%emt 0:00:35]} Qf2 {[%emt 0:00:04]} 1/2-1/2

[Event "FIDE Online Quarter final-2020"]
[Site "Online"]
[Date "2020.08.28"]
[Round "4.1"]
[White "Yip, Carissa"]
[Black "Osmak, Iulija"]
[Result "1-0"]
[WhiteElo "2292"]
[BlackElo "2310"]
[Annotator "ChessBase"]
[PlyCount "99"]
[EventDate "2020.08.28"]
[EventType "k.o."]
[SourceTitle "playchess.com"]
[Source "ChessBase"]
[SourceQuality "1"]
[TimeControl "900+5"]

1. e4 {[%emt 0:00:03]} e6 {[%emt 0:00:01]} 2. d4 {[%emt 0:00:10]} d5 {[%emt 0:00:02]} 3. Nd2 {[%emt 0:00:07]} c5 {[%emt 0:00:02]} 4. exd5 {[%emt 0:00:04]} Qxd5 {[%emt 0:00:00]} 5. Ngf3 {[%emt 0:00:01]} cxd4 {[%emt 0:00:02]} 6. Bc4 {[%emt 0:00:02]} Qd7 {[%emt 0:00:03]} 7. O-O {[%emt 0:00:08]} Nc6 {[%emt 0:00:03]} 8. Nb3 {[%emt 0:00:06]} a6 {[%emt 0:00:02]} 9. Nbxd4 {[%emt 0:00:32]} Nxd4 {[%emt 0:00:00]} 10. Nxd4 {[%emt 0:00:02]} Nf6 {[%emt 0:00:11]} 11. Re1 {[%emt 0:00:36]} b5 {[%emt 0:00:03]} 12. Be2 {[%emt 0:01:28]} Bb7 {[%emt 0:00:25]} 13. Bf3 {[%emt 0:00:03]} Rd8 {[%emt 0:02:35]} 14. c3 {[%emt 0:00:34]} Be7 {[%emt 0:01:16]} 15. Bxb7 {[%emt 0:01:23]} Qxb7 {[%emt 0:00:00]} 16. Qb3 {[%emt 0:00:01]} O-O {[%emt 0:00:46]} 17. Bf4 {[%emt 0:00:28]} Nd5 {[%emt 0:01:16]} 18. Be5 {[%emt 0:00:09]} Rd7 {[%emt 0:00:42]} 19. a4 {[%emt 0:01:34]} b4 {[%emt 0:01:22]} 20. c4 {[%emt 0:00:24]} Nf4 {[%emt 0:00:27]} 21. Bxf4 {[%emt 0:01:04]} Rxd4 {[%emt 0:00:04]} 22. Be3 {[%emt 0:00:16]} Rg4 {[%emt 0:00:29]} 23. g3 {[%emt 0:00:01]} Rc8 {[%emt 0:00:54]} 24. Rac1 {[%emt 0:00:23]} h5 {[%emt 0:02:18]} 25. c5 {[%emt 0:02:02]} h4 {[%emt 0:00:29]} 26. Qd3 {[%emt 0:01:13]} b3 {[%emt 0:00:45]} 27. a5 {[%emt 0:00:31]} Bf6 {[%emt 0:00:44]} 28. Qe2 {[%emt 0:00:41]} Rb4 {[%emt 0:00:30]} 29. Red1 {[%emt 0:00:43]} h3 {[%emt 0:01:08]} 30. f3 {[%emt 0:00:11]} Rc6 {[%emt 0:00:20]} 31. Qf1 {[%emt 0:00:15]} Qc8 {[%emt 0:00:17]} 32. Rd2 {[%emt 0:00:31]} e5 {[%emt 0:00:01]} 33. Rcd1 {[%emt 0:00:08]} e4 {[%emt 0:00:08]} 34. fxe4 {[%emt 0:00:50]} Rxe4 {[%emt 0:00:00]} 35. Qf3 {[%emt 0:00:01]} Re8 {[%emt 0:00:02]} 36. Bf2 {[%emt 0:00:11]} Be7 {[%emt 0:00:07]} 37. Rd7 {[%emt 0:00:07]} Rf6 {[%emt 0:00:02]} 38. Qd5 {[%emt 0:00:17]} Bf8 {[%emt 0:00:14]} 39. Bd4 {[%emt 0:00:11]} Rfe6 {[%emt 0:00:10]} 40. Rf1 {[%emt 0:00:06]} R8e7 {[%emt 0:00:03]} 41. Rd8 {[%emt 0:00:11]} Qc7 {[%emt 0:00:05]} 42. Qa8 {[%emt 0:00:14]} Re8 {[%emt 0:00:14]} 43. Rxe8 {[%emt 0:00:02]} Rxe8 {[%emt 0:00:02]} 44. Qxe8 {[%emt 0:00:00]} Qb7 {[%emt 0:00:03]} 45. c6 {[%emt 0:00:03]} Qb4 {[%emt 0:00:01]} 46. Qxf7+ {[%emt 0:00:02]} Kh7 {[%emt 0:00:02]} 47. Qf5+ {[%emt 0:00:08]} Kg8 {[%emt 0:00:01]} 48. Qxf8+ {[%emt 0:00:03]} Qxf8 {[%emt 0:00:03]} 49. Rxf8+ {[%emt 0:00:00]} Kxf8 {[%emt 0:00:01]} 50. c7 {[%emt 0:00:00]} 1-0

[Event "FIDE Online Quarter final-2020"]
[Site "Online"]
[Date "2020.08.28"]
[Round "4.1"]
[White "Cyfka, Karina"]
[Black "Mammadova, Gulnar"]
[Result "1-0"]
[WhiteElo "2257"]
[BlackElo "2317"]
[Annotator "ChessBase"]
[PlyCount "97"]
[EventDate "2020.08.28"]
[EventType "k.o."]
[SourceTitle "playchess.com"]
[Source "ChessBase"]
[SourceQuality "1"]
[TimeControl "900+5"]

1. d4 {[%emt 0:00:01]} g6 {[%emt 0:00:02]} 2. Nf3 {[%emt 0:00:10]} Bg7 {[%emt 0:00:02]} 3. c4 {[%emt 0:00:15]} d6 {[%emt 0:00:06]} 4. g3 {[%emt 0:00:06]} Nd7 {[%emt 0:00:04]} 5. Bg2 {[%emt 0:00:03]} e5 {[%emt 0:00:05]} 6. O-O {[%emt 0:00:34]} Ne7 {[%emt 0:00:04]} 7. Nc3 {[%emt 0:00:07]} O-O {[%emt 0:00:05]} 8. d5 {[%emt 0:00:13]} h6 {[%emt 0:00:26]} 9. e4 {[%emt 0:00:15]} f5 {[%emt 0:00:11]} 10. exf5 {[%emt 0:00:20]} gxf5 {[%emt 0:00:28]} 11. Ne1 {[%emt 0:00:17]} Nf6 {[%emt 0:01:14]} 12. f4 {[%emt 0:00:08]} e4 {[%emt 0:00:21]} 13. Nc2 {[%emt 0:00:10]} c5 {[%emt 0:00:32]} 14. dxc6 {[%emt 0:00:37]} bxc6 {[%emt 0:00:14]} 15. Be3 {[%emt 0:00:32]} Ba6 {[%emt 0:01:23]} 16. b3 {[%emt 0:00:32]} d5 {[%emt 0:01:02]} 17. Nb4 {[%emt 0:01:33]} Bb7 {[%emt 0:00:27]} 18. c5 {[%emt 0:00:16]} a5 {[%emt 0:03:13]} 19. Nc2 {[%emt 0:00:06]} Ba6 {[%emt 0:00:02]} 20. Re1 {[%emt 0:00:19]} Bd3 {[%emt 0:00:06]} 21. Bd4 {[%emt 0:00:25]} Bxc2 {[%emt 0:01:06]} 22. Qxc2 {[%emt 0:00:04]} Ng4 {[%emt 0:00:03]} 23. Ne2 {[%emt 0:00:56]} Qd7 {[%emt 0:00:18]} 24. a3 {[%emt 0:00:48]} Ng6 {[%emt 0:00:45]} 25. Bh3 {[%emt 0:00:40]} h5 {[%emt 0:00:36]} 26. Rab1 {[%emt 0:00:43]} Rae8 {[%emt 0:00:51]} 27. Qc3 {[%emt 0:00:06]} Bh6 {[%emt 0:00:33]} 28. Ra1 {[%emt 0:00:50]} h4 {[%emt 0:01:22]} 29. Qxa5 {[%emt 0:00:10]} hxg3 {[%emt 0:00:04]} 30. hxg3 {[%emt 0:00:03]} Qh7 {[%emt 0:00:16]} 31. Kg2 {[%emt 0:00:31]} e3 {[%emt 0:00:18]} 32. Bxg4 {[%emt 0:02:21]} fxg4 {[%emt 0:00:03]} 33. Rh1 {[%emt 0:00:03]} Nxf4+ {[%emt 0:00:41]} 34. gxf4 {[%emt 0:00:09]} Qe4+ {[%emt 0:00:05]} 35. Kg1 {[%emt 0:00:10]} Re6 {[%emt 0:00:22]} 36. Rf1 {[%emt 0:00:38]} g3 {[%emt 0:00:07]} 37. Rh3 {[%emt 0:00:29]} Rg6 {[%emt 0:00:01]} 38. Qc7 {[%emt 0:00:29]} Rf7 {[%emt 0:00:11]} 39. Qe5 {[%emt 0:00:23]} Qxe5 {[%emt 0:00:08]} 40. Bxe5 {[%emt 0:00:11]} g2 {[%emt 0:00:04]} 41. Rb1 {[%emt 0:00:19]} Bg7 {[%emt 0:00:02]} 42. Bxg7 {[%emt 0:00:17]} Rfxg7 {[%emt 0:00:05]} 43. Rxe3 {[%emt 0:00:14]} Rh6 {[%emt 0:00:05]} 44. Kf2 {[%emt 0:00:03]} Rh1 {[%emt 0:00:02]} 45. Rg1 {[%emt 0:00:04]} Rh2 {[%emt 0:00:04]} 46. Rg3 {[%emt 0:00:04]} Kf7 {[%emt 0:00:00]} 47. Rxg7+ {[%emt 0:00:01]} Kxg7 {[%emt 0:00:02]} 48. Rxg2+ {[%emt 0:00:02]} Rxg2+ {[%emt 0:00:01]} 49. Kxg2 {[%emt 0:00:00]} 1-0